000 00678nam a22001937a 4500
005 20140825105759.0
010 _aB-528973
020 _a9788188069489
_c300.00
035 _aB-528973
037 _adpl
_bJanvani Parkashan/Ven
082 _a338.7610053092
100 _aAhamad, Saif
245 _aVision of Bill Gates/
_cby Saif Ahamad
260 _aDelhi
_bSwarjya Mandir Prakashan
_c2013
270 _aBlock C-8, H.No.174, Yamuna Vihaar
_bDelhi
_e110053
300 _a104p.:
_bill.
_c21cm(Hb)
942 _2ddc
_cEN
_h338.7610053092
_mAHA
999 _c85052
_d85052